| 000 | 00473nam a2200145 a 4500 | ||
|---|---|---|---|
| 001 | 000031951 | ||
| 005 | 20200930063315.0 | ||
| 008 | 110707s19uu dr abc 000 0 spa d | ||
| 040 |
_aDO-SdBNP _bspa _cBMNPHU |
||
| 245 | 0 | 0 | _aAcueducto Valdesia Santo Domingo. |
| 260 |
_aSanto Domingo : _bConsorcio Nizao, _c[199u]? |
||
| 300 |
_a1 v. Con varias paginaciones : _bil., map., retrs. ; _c30 cm. |
||
| 500 | _aTexto a dos columnas en los idiomas español, inglés | ||
| 049 | _aBNPD | ||
| 999 |
_c31442 _d31442 |
||